[Event "NDVM 2019 U16"]
[Site "Kiel"]
[Date "2019.09.10"]
[Round "7.10"]
[White "Dornieden, Jonas"]
[Black "Kraft, Adrian"]
[Result "1-0"]
[BlackElo "1750"]
[WhiteElo "1929"]
[LiveChessVersion "1.4.8"]

1. d4 {[%clk 1:30:57]} g6 {[%clk 1:30:53]} 2. c4 {[%clk 1:31:07]} Bg7
{[%clk 1:31:08]} 3. Nc3 {[%clk 1:31:16]} d6 {[%clk 1:31:21]} 4. e4
{[%clk 1:29:11]} Nc6 {[%clk 1:31:26]} 5. Be3 {[%clk 1:28:42]} e5 {[%clk 1:31:37]}
6. Nf3 {[%clk 1:22:27]} exd4 {[%clk 1:30:55]} 7. Nxd4 {[%clk 1:22:45]} Nf6
{[%clk 1:29:39]} 8. Be2 {[%clk 1:20:44]} O-O {[%clk 1:29:01]} 9. O-O
{[%clk 1:19:23]} Ne5 {[%clk 1:20:16]} 10. h3 {[%clk 1:14:48]} Be6
{[%clk 1:14:58]} 11. b3 {[%clk 1:13:03]} Qe7 {[%clk 0:56:05]} 12. Qd2
{[%clk 1:05:09]} Rad8 {[%clk 0:51:39]} 13. Rad1 {[%clk 1:02:07]} a6
{[%clk 0:51:21]} 14. f4 {[%clk 0:51:08]} Nc6 {[%clk 0:43:40]} 15. Bf3
{[%clk 0:40:43]} Nd7 {[%clk 0:38:48]} 16. Nxc6 {[%clk 0:33:58]} bxc6
{[%clk 0:39:05]} 17. f5 {[%clk 0:33:25]} gxf5 {[%clk 0:39:11]} 18. exf5
{[%clk 0:33:42]} Bxf5 {[%clk 0:39:25]} 19. Bxc6 {[%clk 0:33:23]} Bg6
{[%clk 0:39:04]} 20. Bg5 {[%clk 0:32:27]} f6 {[%clk 0:35:38]} 21. Rde1
{[%clk 0:31:30]} Ne5 {[%clk 0:35:37]} 22. Nd5 {[%clk 0:31:16]} Qe6
{[%clk 0:34:22]} 23. Nxf6+ {[%clk 0:30:04]} Kh8 {[%clk 0:34:19]} 24. Bd5
{[%clk 0:28:21]} Qc8 {[%clk 0:33:22]} 25. Ng4 {[%clk 0:26:12]} Rde8
{[%clk 0:32:33]} 26. Nxe5 {[%clk 0:22:07]} Bxe5 {[%clk 0:30:56]} 27. Bh6
{[%clk 0:19:48]} Rxf1+ {[%clk 0:22:40]} 28. Rxf1 {[%clk 0:19:16]} Qd7
{[%clk 0:21:07]} 29. Qf2 {[%clk 0:15:16]} Qe7 {[%clk 0:18:24]} 30. Bf4
{[%clk 0:11:00]} Bg7 {[%clk 0:16:34]} 31. Qa7 {[%clk 0:10:53]} Qe2
{[%clk 0:14:06]} 32. Qf2 {[%clk 0:06:53]} Qe7 {[%clk 0:12:15]} 33. Bg3
{[%clk 0:05:42]} Rf8 {[%clk 0:09:49]} 34. Qe1 {[%clk 0:05:28]} Rxf1+
{[%clk 0:09:06]} 35. Qxf1 {[%clk 0:05:18]} Qe3+ {[%clk 0:07:44]} 36. Qf2
{[%clk 0:04:56]} Qc3 {[%clk 0:04:03]} 37. Kh2 {[%clk 0:03:46]} Qb2
{[%clk 0:03:20]} 38. Qxb2 1-0

[Event "NDVM 2019 U16"]
[Site "Kiel"]
[Date "2019.09.10"]
[Round "7.11"]
[White "Katzenbach, Linus"]
[Black "Haselhorst, Nils"]
[Result "1-0"]
[BlackElo "1701"]
[WhiteElo "1722"]
[LiveChessVersion "1.4.8"]

1. e4 {[%clk 1:30:55]} e5 {[%clk 1:30:53]} 2. Nf3 {[%clk 1:31:12]} Nc6
{[%clk 1:31:17]} 3. Bc4 {[%clk 1:31:26]} Nf6 {[%clk 1:31:39]} 4. d3
{[%clk 1:31:51]} Bc5 {[%clk 1:32:04]} 5. c3 {[%clk 1:31:48]} O-O {[%clk 1:32:26]}
6. O-O {[%clk 1:32:10]} d5 {[%clk 1:32:50]} 7. exd5 {[%clk 1:32:16]} Nxd5
{[%clk 1:33:13]} 8. Re1 {[%clk 1:31:49]} Bg4 {[%clk 1:33:32]} 9. Nbd2
{[%clk 1:31:37]} Nb6 {[%clk 1:33:40]} 10. h3 {[%clk 1:20:05]} Bh5
{[%clk 1:33:43]} 11. Bb5 {[%clk 1:14:18]} Bd6 {[%clk 1:34:02]} 12. Ne4
{[%clk 1:13:20]} f5 {[%clk 1:34:19]} 13. Ng3 {[%clk 1:12:59]} Bxf3
{[%clk 1:34:40]} 14. Qxf3 {[%clk 1:13:22]} Qd7 {[%clk 1:35:02]} 15. Bxc6
{[%clk 1:04:55]} bxc6 {[%clk 1:35:24]} 16. b3 {[%clk 0:43:01]} Nd5
{[%clk 1:20:31]} 17. Bb2 {[%clk 0:40:26]} Nf4 {[%clk 1:17:58]} 18. Rad1
{[%clk 0:39:08]} Rae8 {[%clk 1:15:32]} 19. c4 {[%clk 0:20:14]} Qe7
{[%clk 0:51:48]} 20. c5 {[%clk 0:17:47]} e4 {[%clk 0:36:05]} 21. cxd6
{[%clk 0:15:01]} Qxd6 {[%clk 0:36:14]} 22. dxe4 {[%clk 0:13:08]} fxe4
{[%clk 0:36:05]} 23. Qg4 {[%clk 0:10:49]} Qg6 {[%clk 0:35:08]} 24. Qxg6
{[%clk 0:10:12]} Nxg6 {[%clk 0:35:34]} 25. Rxe4 {[%clk 0:09:48]} Rd8
{[%clk 0:35:15]} 26. Red4 {[%clk 0:08:57]} Rxd4 {[%clk 0:35:09]} 27. Rxd4
{[%clk 0:09:20]} Nf4 {[%clk 0:34:15]} 28. f3 {[%clk 0:07:41]} Nd5
{[%clk 0:34:19]} 29. Ne4 {[%clk 0:07:07]} Kf7 {[%clk 0:34:02]} 30. Ng5+
{[%clk 0:05:16]} Kg8 {[%clk 0:34:09]} 31. Ne4 {[%clk 0:05:16]} h6
{[%clk 0:34:18]} 32. Kf2 {[%clk 0:04:56]} Kf7 {[%clk 0:34:33]} 33. g3
{[%clk 0:03:48]} Ke6 {[%clk 0:34:39]} 34. Nc5+ {[%clk 0:03:49]} Kd6
{[%clk 0:34:19]} 35. Ba3 {[%clk 0:03:45]} Re8 {[%clk 0:34:35]} 36. Re4
{[%clk 0:03:03]} Rxe4 {[%clk 0:34:30]} 37. fxe4 {[%clk 0:02:32]} Nf6
{[%clk 0:34:35]} 38. Ke3 {[%clk 0:02:20]} Ke7 {[%clk 0:34:38]} 39. Nd3+
{[%clk 0:01:45]} Ke6 {[%clk 0:34:48]} 40. Bc5 {[%clk 0:01:12]} a6
{[%clk 0:34:58]} 41. Bd4 {[%clk 0:00:40]} Nd7 {[%clk 0:33:36]} 42. Bxg7
{[%clk 0:28:08]} h5 {[%clk 1:03:41]} 43. Bd4 {[%clk 0:28:14]} Kd6
{[%clk 1:03:51]} 44. e5+ {[%clk 0:27:48]} Kd5 {[%clk 1:04:14]} 45. Nf4# 1-0

[Event "NDVM 2019 U16"]
[Site "Kiel"]
[Date "2019.09.10"]
[Round "7.12"]
[White "Busse, Lukas-Oliver"]
[Black "Gillmeister, Gino"]
[Result "1/2-1/2"]
[BlackElo "1593"]
[WhiteElo "1623"]
[LiveChessVersion "1.4.8"]

1. e4 {[%clk 1:30:57]} b6 {[%clk 1:30:42]} 2. d4 {[%clk 1:31:06]} Bb7
{[%clk 1:31:03]} 3. Nc3 {[%clk 1:31:24]} e6 {[%clk 1:31:27]} 4. Bd3
{[%clk 1:30:59]} Bb4 {[%clk 1:31:52]} 5. Nge2 {[%clk 1:31:13]} c5
{[%clk 1:31:49]} 6. a3 {[%clk 1:31:03]} Bxc3+ {[%clk 1:32:10]} 7. bxc3
{[%clk 1:31:26]} d5 {[%clk 1:32:16]} 8. Bb5+ {[%clk 1:31:29]} Bc6
{[%clk 1:32:31]} 9. Bxc6+ {[%clk 1:31:45]} Nxc6 {[%clk 1:32:55]} 10. e5
{[%clk 1:29:06]} h6 {[%clk 1:33:20]} 11. h4 {[%clk 1:28:02]} Nge7
{[%clk 1:31:55]} 12. g4 {[%clk 1:27:01]} Qc7 {[%clk 1:26:40]} 13. Ng3
{[%clk 1:10:05]} O-O-O {[%clk 1:18:25]} 14. f4 {[%clk 1:01:10]} f6
{[%clk 1:18:40]} 15. Nh5 {[%clk 0:59:24]} Ng8 {[%clk 1:12:10]} 16. Rf1
{[%clk 0:53:46]} cxd4 {[%clk 1:11:14]} 17. cxd4 {[%clk 0:53:58]} fxe5
{[%clk 1:11:32]} 18. dxe5 {[%clk 0:48:02]} Nxe5 {[%clk 1:11:51]} 19. Bb2
{[%clk 0:48:24]} Ng6 {[%clk 1:10:16]} 20. Qe2 {[%clk 0:46:45]} e5
{[%clk 0:59:55]} 21. fxe5 {[%clk 0:45:33]} d4 {[%clk 0:59:02]} 22. e6
{[%clk 0:44:10]} Nf6 {[%clk 0:57:01]} 23. Nxf6 {[%clk 0:40:25]} Qg3+
{[%clk 0:55:52]} 1/2-1/2

[Event "SK Doppelbauer Kiel-Greifswalder SV"]
[Site "Kiel"]
[Date "2019.09.10"]
[Round "7.1"]
[White "Fromm, Marius"]
[Black "Farokhi, Keyvan"]
[Result "1-0"]
[WhiteElo "2069"]
[BlackElo "1979"]
[Annotator "Rnd./Pair./Board: 07.004.01"]
[PlyCount "47"]
[EventDate "2019.??.??"]
[WhiteTeam "Greifswalder SV"]
[BlackTeam "SK Doppelbauer Kiel"]

1. Nf3 c5 2. c4 Nc6 3. Nc3 g6 4. g3 Bg7 5. Bg2 d6 6. a3 e5 7. O-O Nge7 8. b4
cxb4 9. axb4 O-O 10. Ba3 Be6 11. d3 f5 12. Ng5 Bc8 13. b5 Nd4 14. e3 Ne6 15.
Bxb7 Rb8 16. Nxe6 Bxe6 17. Bg2 e4 18. Rc1 Qa5 19. Nb1 Nc8 20. dxe4 Nb6 21. exf5
Bxc4 22. Rxc4 Nxc4 23. Bd5+ Kh8 24. Bxc4 1-0

[Event "SK Doppelbauer Kiel-Greifswalder SV"]
[Site "Kiel"]
[Date "2019.09.10"]
[Round "7.2"]
[White "Grounev, Henry"]
[Black "Troyke, Jannis"]
[Result "0-1"]
[WhiteElo "1712"]
[BlackElo "1846"]
[Annotator "Rnd./Pair./Board: 07.004.02"]
[PlyCount "88"]
[EventDate "2019.??.??"]
[WhiteTeam "SK Doppelbauer Kiel"]
[BlackTeam "Greifswalder SV"]

1. e4 c5 2. Nf3 d6 3. d4 cxd4 4. Nxd4 Nf6 5. Nc3 g6 6. Be3 Bg7 7. f3 O-O 8. Qd2
Nc6 9. Be2 d5 10. Nxd5 Nxd5 11. exd5 Qxd5 12. Nxc6 Qxc6 13. c3 Be6 14. O-O Rfd8
15. Qe1 b5 16. a3 Rd7 17. Qf2 Bb3 18. Bd1 Bc4 19. Be2 a5 20. Rfd1 Rad8 21. Rxd7
Rxd7 22. Rd1 Rxd1+ 23. Bxd1 a4 24. Qd2 Qd5 25. Qxd5 Bxd5 26. Be2 Bc4 27. Kf2 f5
28. f4 Kf7 29. Bxc4+ bxc4 30. Ke2 Ke6 31. Bc5 Bf6 32. Ke3 Kd5 33. Bb6 e5 34. g3
g5 35. fxe5 Bxe5 36. Bd8 f4+ 37. Kf3 fxg3 38. hxg3 g4+ 39. Kxg4 Ke4 40. Bb6 Kd3
41. Kf3 Kc2 42. Ke4 Bxg3 43. Ba5 Kxb2 44. Bb4 h5 0-1

[Event "SK Doppelbauer Kiel-Greifswalder SV"]
[Site "Kiel"]
[Date "2019.09.10"]
[Round "7.3"]
[White "Wucherer, Sophie"]
[Black "Steinbach, Julian"]
[Result "0-1"]
[WhiteElo "1582"]
[BlackElo "1670"]
[Annotator "Rnd./Pair./Board: 07.004.03"]
[PlyCount "110"]
[EventDate "2019.??.??"]
[WhiteTeam "Greifswalder SV"]
[BlackTeam "SK Doppelbauer Kiel"]

1. d4 d6 2. Nf3 Nd7 3. c4 e5 4. e4 Ngf6 5. Nc3 Be7 6. g3 O-O 7. Bg2 c6 8. O-O
Qc7 9. h3 a6 10. a4 exd4 11. Nxd4 Ne5 12. b3 c5 13. Nde2 Nc6 14. Nf4 Be6 15.
Ra2 Qb6 16. Nce2 Na5 17. Rb2 Rab8 18. Qc2 Qc7 19. Nc3 Nc6 20. Ncd5 Nxd5 21.
exd5 Nb4 22. Qe4 Bc8 23. Re1 Bf6 24. Rbe2 g6 25. g4 Bd7 26. Nd3 Nxd3 27. Qxd3
b5 28. axb5 axb5 29. Bh6 bxc4 30. bxc4 Rfe8 31. Bf4 Rxe2 32. Rxe2 Re8 33. Ra2
Be5 34. Be3 f5 35. f4 Bg7 36. Bf3 Rxe3 37. Qd1 Bd4 38. Kg2 Qb7 39. Qc2 Rb3 40.
Qe2 Rb2 41. Rxb2 Qxb2 42. Kg3 Qxe2 43. Bxe2 Kf7 44. Bd3 fxg4 45. hxg4 h5 46.
gxh5 gxh5 47. Be2 Kg6 48. Bd3+ Bf5 49. Be2 Bf6 50. Kf2 Bg4 51. Bd3+ Bf5 52. Be2
h4 53. Bf1 Bd4+ 54. Kg2 h3+ 55. Kh2 Be3 0-1

[Event "SK Doppelbauer Kiel-Greifswalder SV"]
[Site "Kiel"]
[Date "2019.09.10"]
[Round "7.4"]
[White "Woltmann, Peter"]
[Black "Brandt, Mattis"]
[Result "1-0"]
[WhiteElo "1503"]
[BlackElo "1155"]
[Annotator "Rnd./Pair./Board: 07.004.04"]
[PlyCount "59"]
[EventDate "2019.??.??"]
[WhiteTeam "SK Doppelbauer Kiel"]
[BlackTeam "Greifswalder SV"]

1. e4 c5 2. Nc3 e6 3. Nge2 a6 4. g3 Qc7 5. Bg2 Nf6 6. O-O Be7 7. d4 cxd4 8.
Nxd4 O-O 9. Kh1 d6 10. f4 Nbd7 11. Be3 Rb8 12. a4 b6 13. f5 e5 14. Nb3 Bb7 15.
h4 Rfd8 16. h5 Nc5 17. Nxc5 dxc5 18. Qf3 Rd7 19. h6 Rbd8 20. hxg7 Qc6 21. g4 b5
22. g5 Ne8 23. f6 Bd6 24. Bh3 Rc7 25. Nd5 bxa4 26. Nxc7 Bxc7 27. Bg2 Nd6 28. g6
hxg6 29. Qh3 Nxe4 30. Qh8# 1-0

[Event "SchVGG Blankenese-SV Empor Berlin"]
[Site "Kiel"]
[Date "2019.09.10"]
[Round "7.1"]
[White "Sulayev, Daniel"]
[Black "Burgtorf, Benjamin"]
[Result "1/2-1/2"]
[WhiteElo "2140"]
[BlackElo "1775"]
[Annotator "Rnd./Pair./Board: 07.005.01"]
[PlyCount "81"]
[EventDate "2019.??.??"]
[WhiteTeam "SV Empor Berlin"]
[BlackTeam "SchVGG Blankenese"]

1. Nf3 c5 2. e4 Nc6 3. d4 cxd4 4. Nxd4 Nf6 5. Nc3 e5 6. Ndb5 d6 7. Nd5 Nxd5 8.
exd5 Nb8 9. c4 Be7 10. Be2 O-O 11. O-O a6 12. Nc3 f5 13. f4 Nd7 14. Kh1 Bf6 15.
Qc2 g6 16. Be3 a5 17. a3 b6 18. Rac1 Ba6 19. b4 Rc8 20. Qb3 exf4 21. Bxf4 Ne5
22. Nb5 Bxb5 23. cxb5 axb4 24. Rxc8 Qxc8 25. Rc1 Qb7 26. Qxb4 Qxd5 27. Rd1 Qa2
28. Bxe5 Qxe2 29. Re1 Qf2 30. Bxd6 Rd8 31. Qc4+ Kg7 32. Qc7+ Kg8 33. Bg3 Qd4
34. h3 Rd7 35. Qc6 Kf7 36. Kh2 Re7 37. Rxe7+ Bxe7 38. Qc7 Kf6 39. Qb8 Kf7 40.
Be5 Qd8 41. Qb7 1/2-1/2

[Event "SchVGG Blankenese-SV Empor Berlin"]
[Site "Kiel"]
[Date "2019.09.10"]
[Round "7.2"]
[White "von Rosen, Jakob"]
[Black "Breitzmann, Sander"]
[Result "1-0"]
[WhiteElo "1732"]
[BlackElo "1951"]
[Annotator "Rnd./Pair./Board: 07.005.02"]
[PlyCount "49"]
[EventDate "2019.??.??"]
[WhiteTeam "SchVGG Blankenese"]
[BlackTeam "SV Empor Berlin"]

1. e4 e5 2. Nf3 Nc6 3. Bc4 Bc5 4. O-O Nf6 5. d3 d6 6. c3 a6 7. Bb3 Ba7 8. Nbd2
O-O 9. Re1 Ng4 10. Re2 Kh8 11. Nf1 f5 12. Be3 Qf6 13. Bxa7 Rxa7 14. h3 Nh6 15.
exf5 Bxf5 16. Re3 Ne7 17. Ng3 c6 18. d4 Ng6 19. dxe5 dxe5 20. Qe1 Re8 21. Rd1
a5 22. Nh5 Qe7 23. Nxe5 Nxe5 24. Rxe5 Qxe5 25. Qxe5 1-0

[Event "SchVGG Blankenese-SV Empor Berlin"]
[Site "Kiel"]
[Date "2019.09.10"]
[Round "7.3"]
[White "Ellert, Stefan"]
[Black "Sell, Eero"]
[Result "0-1"]
[WhiteElo "1689"]
[BlackElo "1774"]
[Annotator "Rnd./Pair./Board: 07.005.03"]
[PlyCount "76"]
[EventDate "2019.??.??"]
[WhiteTeam "SV Empor Berlin"]
[BlackTeam "SchVGG Blankenese"]

1. d4 d5 2. e3 Nf6 3. Bd3 c5 4. c3 Nc6 5. f4 g6 6. Nf3 Bf5 7. O-O cxd4 8. exd4
Bg7 9. Ne5 O-O 10. h3 Bxd3 11. Qxd3 e6 12. Nd2 Ne8 13. b3 Bxe5 14. fxe5 Ng7 15.
Ba3 Re8 16. Qf3 Nf5 17. Kh2 h5 18. g3 Kg7 19. Rf2 Rh8 20. Nf1 Nh6 21. Ne3 Qg5
22. h4 Qxe3 23. Qxe3 Ng4+ 24. Kh3 Nxe3 25. Re1 Nf5 26. Bc1 f6 27. exf6+ Kxf6
28. Bg5+ Kf7 29. g4 hxg4+ 30. Kxg4 Rae8 31. Rc2 Nb8 32. a4 Nd7 33. Rh2 Nf6+ 34.
Kf4 Ne4 35. Rh3 Rh5 36. Rxe4 dxe4 37. Kxe4 Reh8 38. Ke5 Rxg5 0-1

[Event "SchVGG Blankenese-SV Empor Berlin"]
[Site "Kiel"]
[Date "2019.09.10"]
[Round "7.4"]
[White "Tao, Alexander"]
[Black "Doraszelski, Alexander"]
[Result "0-1"]
[WhiteElo "1444"]
[BlackElo "1608"]
[Annotator "Rnd./Pair./Board: 07.005.04"]
[PlyCount "58"]
[EventDate "2019.??.??"]
[WhiteTeam "SchVGG Blankenese"]
[BlackTeam "SV Empor Berlin"]

1. e4 c5 2. Be2 d6 3. d3 Nc6 4. f4 g6 5. Nf3 Bg7 6. O-O e6 7. c3 Nge7 8. Na3
O-O 9. Kh1 f5 10. Qb3 Kh8 11. Be3 b6 12. Rad1 Qd7 13. Qc2 Bb7 14. Kg1 Rae8 15.
g3 a6 16. Nb1 e5 17. Rfe1 d5 18. Bf1 d4 19. Bc1 b5 20. a4 fxe4 21. dxe4 c4 22.
Nxe5 Nxe5 23. fxe5 d3 24. Qg2 Nc6 25. Na3 Nxe5 26. Bf4 g5 27. Bxe5 Rxe5 28. b3
Qe7 29. Qa2 Rxe4 0-1

[Event "SV Ruedersdorf-SG Jasmund"]
[Site "Kiel"]
[Date "2019.09.10"]
[Round "7.1"]
[White "Johlke, Lukas"]
[Black "Buller, Ian Joshua"]
[Result "1/2-1/2"]
[WhiteElo "1637"]
[BlackElo "1944"]
[Annotator "Rnd./Pair./Board: 07.006.01"]
[PlyCount "81"]
[EventDate "2019.??.??"]
[WhiteTeam "SG Jasmund"]
[BlackTeam "SV Ruedersdorf"]

1. e4 c5 2. Nf3 d6 3. Bb5+ Bd7 4. Bxd7+ Qxd7 5. O-O Nf6 6. Qe2 g6 7. c3 Bg7 8.
d4 cxd4 9. cxd4 O-O 10. Nc3 e6 11. Rd1 Nc6 12. Bg5 Rfe8 13. e5 Nd5 14. Nb5 dxe5
15. dxe5 h6 16. Bh4 Nxe5 17. Nxe5 Bxe5 18. Qxe5 Qxb5 19. Bf6 Kh7 20. h4 Qb6 21.
h5 Nxf6 22. Qxf6 Qc7 23. hxg6+ fxg6 24. Rd6 Qe7 25. Qd4 Rad8 26. Rxd8 Qxd8 27.
Qf4 Qe7 28. Rc1 Rd8 29. g3 Rd7 30. a3 e5 31. Qe3 b6 32. Re1 Kg7 33. Qxe5+ Qxe5
34. Rxe5 Kf6 35. Re2 h5 36. f3 g5 37. Kg2 Kf5 38. Rf2 Rd3 39. f4 gxf4 40. Rxf4+
Kg5 41. Rf2 1/2-1/2

[Event "SV Ruedersdorf-SG Jasmund"]
[Site "Kiel"]
[Date "2019.09.10"]
[Round "7.2"]
[White "Sperling, Niclas"]
[Black "Johlke, Lorenz"]
[Result "0-1"]
[WhiteElo "1694"]
[BlackElo "1695"]
[Annotator "Rnd./Pair./Board: 07.006.02"]
[PlyCount "159"]
[EventDate "2019.??.??"]
[WhiteTeam "SV Ruedersdorf"]
[BlackTeam "SG Jasmund"]

1. e4 g6 2. Nf3 Bg7 3. d4 d6 4. h3 a6 5. Be3 e6 6. Nc3 Nd7 7. Bc4 b5 8. Bd3 Bb7
9. O-O c5 10. a3 Ne7 11. Re1 O-O 12. Qd2 Rc8 13. dxc5 Nxc5 14. Bh6 Nxd3 15.
cxd3 Qb6 16. Bxg7 Kxg7 17. d4 h6 18. Rac1 Rc7 19. Re3 Rfc8 20. Nh2 d5 21. e5
Nf5 22. Rd3 Rc4 23. Ne2 Rxc1+ 24. Nxc1 a5 25. Nf3 b4 26. axb4 axb4 27. g4 Ne7
28. Rb3 Rc4 29. Rd3 Ba6 30. Na2 b3 31. Nc3 Rb4 32. Re3 Nc6 33. Ne2 Bxe2 34.
Qxe2 Nxd4 35. Nxd4 Qxd4 36. Qf3 Qb6 37. Qf6+ Kg8 38. Rc3 Rc4 39. Rf3 Qc7 40.
Rxb3 Rc1+ 41. Kg2 d4 42. Qf4 Re1 43. Qxd4 Rxe5 44. Rf3 Rd5 45. Qf4 Qxf4 46.
Rxf4 Rb5 47. b4 Kf8 48. Kf3 Ke7 49. Ke3 e5 50. Rc4 Kd6 51. Kd3 f5 52. gxf5 gxf5
53. Rh4 Kd5 54. Rxh6 Rxb4 55. Rh8 Rb3+ 56. Ke2 Ke4 57. Rh4+ f4 58. Rh8 Rb2+ 59.
Ke1 Kf3 60. Re8 e4 61. h4 Rb1+ 62. Kd2 Rh1 63. Kc3 Rxh4 64. Kd4 Kxf2 65. Rxe4
Kg3 66. Kd3 f3 67. Re8 Kf2 68. Rf8 Rg4 69. Rf7 Rg3 70. Ke4 Rg4+ 71. Kd3 Rg8 72.
Ke4 Re8+ 73. Kd3 Re3+ 74. Kd2 Ra3 75. Rh7 Kg2 76. Rg7+ Kf1 77. Rg3 Ra2+ 78. Ke3
f2 79. Rg7 Ke1 80. Rg2 0-1

[Event "SV Ruedersdorf-SG Jasmund"]
[Site "Kiel"]
[Date "2019.09.10"]
[Time "08:30:00"]
[Round "7.3"]
[Board "3"]
[White "Wellssow, Keoki"]
[Black "May, Ben-Iven"]
[Result "1/2-1/2"]
[WhiteElo "1659"]
[BlackElo "1870"]
[WhiteTeam "SG Jasmund"]
[BlackTeam "SV Ruedersdorf"]
[Annotator "Rnd./Pair./Board: 07.006.03"]

1. c4 Nf6 2. g3 g6 3. Bg2 Bg7 4. Nc3 O-O 5. e3 d6 6. Nge2 e5 7. O-O Nbd7 8. d3 Ne8 9. b4 a5 10. b5 f5 11. f4 Nef6 12. Qc2 Re8 13. Rb1 Nc5 14. a4 Rb8 15. Rd1 Bd7 16. fxe5 dxe5 17. d4 exd4 18. Nxd4 Nfe4 19. Nxe4 Nxe4 20. Bxe4 Rxe4 21. Nc6 bxc6 22. bxc6 Rxb1 23. Qxb1 Rd4 24. exd4 Bxc6 25. d5 Bxa4 26. Re1 c6 27. Qb7 Bd4+ 28. Kg2 c5 29. Bh6 Bf6 30. Re6 g5 31. h4 gxh4 32. gxh4 Be8 33. Ra6 Qe7 34. Qxe7 Bxe7 35. Rxa5 Bxh4 36. Rxc5 Bf6 37. d6 Kf7 38. Rc7+ Ke6 39. c5 Bb5 40. Bf8 Bd8 41. Rxh7 Kd5 42. Be7 Ba5 43. Rh8 Bd7 44. Bd8 Bb4 45. Rh7 Bc6 46. Kg3 1/2-1/2

[Event "SV Ruedersdorf-SG Jasmund"]
[Site "Kiel"]
[Date "2019.09.10"]
[Round "7.4"]
[White "Petersen, Sophie"]
[Black "Wellssow, Lio Keanu"]
[Result "1-0"]
[WhiteElo "1519"]
[BlackElo "1173"]
[Annotator "Rnd./Pair./Board: 07.006.04"]
[PlyCount "103"]
[EventDate "2019.??.??"]
[WhiteTeam "SV Ruedersdorf"]
[BlackTeam "SG Jasmund"]

1. e4 c5 2. Nf3 Nc6 3. Nc3 g6 4. d4 cxd4 5. Nxd4 e5 6. Nxc6 bxc6 7. Bd3 Bg7 8.
O-O Ne7 9. Kh1 O-O 10. Bd2 Rb8 11. Rb1 Bb7 12. Qc1 d5 13. Bh6 d4 14. Na4 f5 15.
Bxg7 Kxg7 16. Nc5 Qd6 17. b4 a5 18. Nxb7 Rxb7 19. bxa5 Ra7 20. exf5 gxf5 21. a6
Rf6 22. Rb7 Rxb7 23. axb7 Qb8 24. Qb2 Rh6 25. h3 Ng6 26. Bxf5 Nh4 27. Bg4 Ng6
28. a4 Ne7 29. a5 c5 30. a6 Rxa6 31. Rb1 Nd5 32. Qb5 Rd6 33. Ra1 Nc7 34. Qb2
Na6 35. Bf3 Re6 36. Be4 Kf8 37. Qb5 Kg7 38. Rxa6 Qe8 39. Qxe8 Rxe8 40. Ra8 Rxa8
41. bxa8=Q Kf6 42. Qc6+ Kg7 43. Kh2 c4 44. Kg3 d3 45. cxd3 cxd3 46. Bxd3 e4 47.
Bxe4 h5 48. Kf4 h4 49. Kg5 Kf7 50. Qd7+ Kg8 51. Kg6 Kh8 52. Qh7# 1-0

[Event "SK Nordhorn-Blanke-Hagener SV"]
[Site "Kiel"]
[Date "2019.09.10"]
[Round "7.1"]
[White "Brunner, Alexander"]
[Black "Rudi, Jonathan"]
[Result "0-1"]
[WhiteElo "1763"]
[BlackElo "1699"]
[Annotator "Rnd./Pair./Board: 07.007.01"]
[PlyCount "112"]
[EventDate "2019.??.??"]
[WhiteTeam "Hagener SV"]
[BlackTeam "SK Nordhorn-Blanke"]

1. d4 d5 2. Nc3 Nf6 3. Bf4 Bd7 4. e3 e6 5. Bd3 c5 6. dxc5 Bxc5 7. Nf3 O-O 8.
O-O Re8 9. e4 dxe4 10. Nxe4 Be7 11. Ne5 Nd5 12. Qh5 g6 13. Qf3 f5 14. Nc3 Nxf4
15. Qxf4 Nc6 16. Nxd7 Qxd7 17. Rad1 Qc8 18. Rfe1 Kh8 19. Bc4 Bf6 20. Qd6 Bxc3
21. bxc3 Qd8 22. Qg3 Qf6 23. Rd6 Rad8 24. Rdxe6 Rxe6 25. Bxe6 Qxe6 26. f3 Qd6
27. Qg5 Qc5+ 28. Kf1 Qxc3 29. Re2 Rd1+ 30. Kf2 Qd4+ 31. Kg3 f4+ 32. Kh3 Qd7+
33. g4 fxg3+ 34. Kg2 gxh2 35. Kxh2 Rd5 36. Qf6+ Kg8 37. Re6 Rh5+ 38. Kg3 Rf5
39. Rd6 Rxf6 40. Rxd7 Rf7 41. Rd5 Kg7 42. f4 h6 43. a3 Ne7 44. Ra5 a6 45. c4
Nf5+ 46. Kf3 Rc7 47. Ra4 Nd6 48. Rb4 Nxc4 49. a4 Kf6 50. Ke4 Ke6 51. Kd4 Nd6
52. Rb6 Rc4+ 53. Ke3 Rxa4 54. Kf3 Ra5 55. Kg4 Rb5 56. Rxb5 Nxb5 0-1

[Event "SK Nordhorn-Blanke-Hagener SV"]
[Site "Kiel"]
[Date "2019.09.10"]
[Round "7.2"]
[White "ter Stal, Lars"]
[Black "Scheidt, Mike Niklas"]
[Result "0-1"]
[WhiteElo "1716"]
[BlackElo "1686"]
[Annotator "Rnd./Pair./Board: 07.007.02"]
[PlyCount "98"]
[EventDate "2019.??.??"]
[WhiteTeam "SK Nordhorn-Blanke"]
[BlackTeam "Hagener SV"]

1. e4 c5 2. Nf3 Nc6 3. d3 Qc7 4. g3 e6 5. Bg2 a6 6. O-O b5 7. Nbd2 Bb7 8. Re1
d6 9. c3 Nge7 10. d4 d5 11. dxc5 Rd8 12. Qc2 Ng6 13. exd5 Rxd5 14. b4 Be7 15.
Nb3 Bf6 16. Bb2 O-O 17. a3 Rfd8 18. Rad1 Rxd1 19. Rxd1 Rxd1+ 20. Qxd1 a5 21.
Qe2 Ba6 22. Qd2 h6 23. Nfd4 a4 24. Bxc6 axb3 25. Bxb5 Bxd4 26. Bxa6 Ne5 27. Qe2
Qc6 28. cxd4 Nf3+ 29. Kf1 Nxd4 30. f3 Nxe2 31. Bxe2 Qd5 32. Ke1 Qf5 33. Bd1 Qb1
34. Be5 b2 35. c6 Qxd1+ 36. Kxd1 b1=Q+ 37. Kd2 Qb3 38. c7 Qd5+ 39. Kc2 Qc6+ 40.
Kb3 f6 41. c8=Q+ Qxc8 42. Bd4 Kf7 43. b5 Ke7 44. a4 Kd6 45. Kb4 e5 46. Ba7 Qb7
47. b6 Kd5 48. a5 Qa6 49. Kc3 Qxa5+ 0-1

[Event "SK Nordhorn-Blanke-Hagener SV"]
[Site "Kiel"]
[Date "2019.09.10"]
[Round "7.3"]
[White "Paqarizi, Endrit"]
[Black "Meijerink, Inken"]
[Result "0-1"]
[WhiteElo "1629"]
[BlackElo "1729"]
[Annotator "Rnd./Pair./Board: 07.007.03"]
[PlyCount "52"]
[EventDate "2019.??.??"]
[WhiteTeam "Hagener SV"]
[BlackTeam "SK Nordhorn-Blanke"]

1. d4 d5 2. Nc3 Nf6 3. Bf4 e6 4. e3 a6 5. Bd3 c5 6. dxc5 Bxc5 7. Nf3 O-O 8. O-O
Nc6 9. e4 d4 10. Ne2 Qb6 11. Ng3 h6 12. e5 Nd5 13. Bxh6 gxh6 14. Qc1 f5 15.
exf6 Rxf6 16. Nh5 Qd8 17. Nxf6+ Qxf6 18. Re1 e5 19. a3 Nf4 20. Bc4+ Kf8 21. b4
Qg7 22. g3 Bb6 23. b5 axb5 24. Bxb5 d3 25. Bxc6 bxc6 26. cxd3 Bxf2+ 0-1

[Event "SK Nordhorn-Blanke-Hagener SV"]
[Site "Kiel"]
[Date "2019.09.10"]
[Round "7.4"]
[White "Hallfarth, Luise"]
[Black "Buchloh, Adrian"]
[Result "1-0"]
[WhiteElo "1569"]
[BlackElo "1622"]
[Annotator "Rnd./Pair./Board: 07.007.04"]
[PlyCount "37"]
[EventDate "2019.??.??"]
[WhiteTeam "SK Nordhorn-Blanke"]
[BlackTeam "Hagener SV"]

1. d4 d5 2. c4 e6 3. Nc3 Nf6 4. Nf3 Be7 5. Bf4 O-O 6. e3 c6 7. Bd3 Nbd7 8. Qc2
dxc4 9. Bxc4 Nb6 10. Bd3 Nbd5 11. Nxd5 exd5 12. O-O g6 13. Nd2 Re8 14. f3 Be6
15. Be5 Nd7 16. f4 c5 17. f5 Nxe5 18. fxe6 Nxd3 19. exf7+ 1-0

[Event "SV Bad Schwartau-SK Weisse Dame Hamburg"]
[Site "Kiel"]
[Date "2019.09.10"]
[Round "7.1"]
[White "Popist, Florian"]
[Black "Schwerdt, Anton Gabriel"]
[Result "1-0"]
[WhiteElo "2043"]
[BlackElo "1476"]
[Annotator "Rnd./Pair./Board: 07.008.01"]
[PlyCount "113"]
[EventDate "2019.??.??"]
[WhiteTeam "SK Weisse Dame Hamburg"]
[BlackTeam "SV Bad Schwartau"]

1. e4 d5 2. exd5 Qxd5 3. Nc3 Qd6 4. d4 Nf6 5. Nf3 c6 6. Bd3 Bg4 7. Be3 e6 8.
Qd2 Qc7 9. Ne5 Bd6 10. h3 Bh5 11. Nc4 Nbd7 12. Nxd6+ Qxd6 13. O-O O-O 14. Bf4
Qe7 15. Rfe1 Nd5 16. Ne4 Nxf4 17. Qxf4 Nb6 18. c3 Nd5 19. Qg5 Bg6 20. Qxe7 Nxe7
21. Rad1 Rfd8 22. Nc5 b6 23. Nb3 Bxd3 24. Rxd3 Nd5 25. g3 g6 26. Kg2 Kg7 27.
Red1 Rd7 28. f4 Rad8 29. Kf3 h6 30. a3 g5 31. Nd2 f6 32. a4 Re7 33. Ne4 Rde8
34. Re1 Kf7 35. Nd6+ Kg6 36. Nxe8 Rxe8 37. Rd2 f5 38. c4 Nf6 39. a5 Ne4 40. Rd3
Re7 41. axb6 axb6 42. Ra1 Rb7 43. Ra6 Kf6 44. b3 b5 45. Rxc6 bxc4 46. Rxc4 Rxb3
47. Rxb3 Nd2+ 48. Ke2 Nxc4 49. Kd3 Nd6 50. Ra3 Ne4 51. Kc4 h5 52. h4 gxh4 53.
gxh4 Nd2+ 54. Kc5 Ne4+ 55. Kc6 Nd2 56. Kd7 Nf3 57. Rxf3 1-0